| 000 | 01854cam a2200493 i 4500 | ||
|---|---|---|---|
| 001 | 29802 | ||
| 003 | KOSZ 005 | ||
| 005 | 20240405063048.0 | ||
| 008 | 970510s1993 pl |000 0 pol | ||
| 015 | _aPB 1994/305 | ||
| 020 | _a8385798102 | ||
| 040 |
_aWA N _cWA N _dKOSZ 005/HR |
||
| 041 | 0 |
_apol _beng |
|
| 046 | _k1993 | ||
| 080 | _a330.34(438) | ||
| 080 | _a005.342(438)"1989/..." | ||
| 080 | _a66/69(438)"1989/..." | ||
| 080 | _a658.1/.5(438)"1989/..." | ||
| 245 | 0 | 0 |
_aInnowacje jako czynnik rozwoju przedsiębiorstwa w gospodarce rynkowej / _c[red. nauk. Władysław Janasz ; aut. W. Janasz et al.]. |
| 260 |
_aSzczecin : _bWydawnictwo Naukowe US, _c1993. |
||
| 300 |
_a95, [1] s. ; _c24 cm. |
||
| 336 |
_2rdacontent _aTekst _btxt |
||
| 337 |
_2rdamedia _aBez urządzenia pośredniczącego _bn |
||
| 338 |
_2rdacarrier _aWolumin _bnc |
||
| 380 | _aKsiążki | ||
| 388 | _a1901-2000 | ||
| 388 | _a1989-2000 | ||
| 490 | 1 |
_aRozprawy i Studia / Uniwersytet Szczeciński, _x0860-2751 ; _vt. 134. |
|
| 500 | _aNa s. tyt. także t. 208 oznaczający nr kolejny serii Rozprawy i Studia do nru 74 wydawanej przez WSP w Szczecinie. | ||
| 504 | _aBibliogr. s. 91-95. | ||
| 546 | _aStreszcz. ang. | ||
| 648 | 7 | _a1901-2000 | |
| 648 | 7 | _a1989-2000 | |
| 650 | 4 | _aEkonomika przedsiębiorstwa | |
| 650 | 4 | _aZarządzanie innowacjami | |
| 651 | 7 | _aPolska | |
| 658 | _aGospodarka, ekonomia, finanse | ||
| 658 | _aZarządzanie i marketing | ||
| 700 | 1 |
_aJanasz, Władysław _d(1940- ) _eRedakcja |
|
| 710 | 2 |
_aWydawnictwo Naukowe Uniwersytetu Szczecińskiego _b _4pbl. |
|
| 830 | 0 |
_aRozprawy i Studia - Uniwersytet Szczeciński _vt. 134 |
|
| 856 |
_uhttp://koha.tu.koszalin.pl/cgi-bin/koha/opac-detail.pl?biblionumber=29802 _yKatalog online BPK |
||
| 942 |
_2UKD _cKS |
||
| 999 |
_c29802 _d29802 |
||